<?xml version="1.0" encoding="UTF-8"?>
<record
    xmlns:xsi="http://www.w3.org/2001/XMLSchema-instance"
    xsi:schemaLocation="http://www.loc.gov/MARC21/slim http://www.loc.gov/standards/marcxml/schema/MARC21slim.xsd"
    xmlns="http://www.loc.gov/MARC21/slim">

  <leader>00922nam a22002057a 4500</leader>
  <controlfield tag="003">OSt</controlfield>
  <controlfield tag="005">20221213115022.0</controlfield>
  <controlfield tag="008">221213t2007    ck a|||br|||| 00| 0 spa d</controlfield>
  <datafield tag="020" ind1=" " ind2=" ">
    <subfield code="a">9789583024931</subfield>
  </datafield>
  <datafield tag="040" ind1=" " ind2=" ">
    <subfield code="a">CO-JMCR</subfield>
    <subfield code="c">CO-JMCR</subfield>
  </datafield>
  <datafield tag="041" ind1="0" ind2=" ">
    <subfield code="a">spa</subfield>
  </datafield>
  <datafield tag="082" ind1="0" ind2="4">
    <subfield code="2">23</subfield>
    <subfield code="a">611 /</subfield>
    <subfield code="b">A774b</subfield>
  </datafield>
  <datafield tag="100" ind1="1" ind2=" ">
    <subfield code="a">Arredondo, Francisco, </subfield>
    <subfield code="e">ilustrador</subfield>
    <subfield code="9">42508</subfield>
  </datafield>
  <datafield tag="245" ind1="1" ind2="0">
    <subfield code="a">Busca en el cuerpo humano / </subfield>
    <subfield code="c">dise&#xF1;o e ilustraciones, Francisco Arredondo</subfield>
  </datafield>
  <datafield tag="260" ind1=" " ind2=" ">
    <subfield code="a">Bogot&#xE1; : </subfield>
    <subfield code="b">Panamericana, </subfield>
    <subfield code="c">&#xA9;2007</subfield>
  </datafield>
  <datafield tag="300" ind1=" " ind2=" ">
    <subfield code="a">29 p&#xE1;ginas : </subfield>
    <subfield code="b">ilustraciones a color ; </subfield>
    <subfield code="c">29 cm</subfield>
  </datafield>
  <datafield tag="505" ind1="0" ind2=" ">
    <subfield code="a">Un recorrido por el cuerpo -- la parte m&#xE1;s fr&#xE1;gil -- los cinco sentidos -- El coraz&#xF3;n y la sangre -- El aparato respiratorio -- El aparato digestivo -- Los que mueven el cuerpo -- Nuestros huesos -- Los filtros del cuerpo -- La maravilla de la vida -- 9 meses incre&#xED;bles -- Consejos para la salud</subfield>
  </datafield>
  <datafield tag="650" ind1="1" ind2="4">
    <subfield code="a">Anatom&#xED;a humana</subfield>
    <subfield code="x">Ni&#xF1;os</subfield>
    <subfield code="9">42509</subfield>
  </datafield>
  <datafield tag="942" ind1=" " ind2=" ">
    <subfield code="2">ddc</subfield>
    <subfield code="c">BK</subfield>
  </datafield>
  <datafield tag="999" ind1=" " ind2=" ">
    <subfield code="c">29790</subfield>
    <subfield code="d">16174</subfield>
  </datafield>
  <datafield tag="952" ind1=" " ind2=" ">
    <subfield code="0">0</subfield>
    <subfield code="1">0</subfield>
    <subfield code="2">ddc</subfield>
    <subfield code="4">0</subfield>
    <subfield code="7">0</subfield>
    <subfield code="a">CPL</subfield>
    <subfield code="b">CPL</subfield>
    <subfield code="c">CHILD</subfield>
    <subfield code="d">2022-12-13</subfield>
    <subfield code="l">5</subfield>
    <subfield code="o">611 / A774b</subfield>
    <subfield code="p">201811554</subfield>
    <subfield code="r">2026-02-20 15:56:12</subfield>
    <subfield code="s">2026-02-20</subfield>
    <subfield code="t">Ej.1</subfield>
    <subfield code="w">2022-12-13</subfield>
    <subfield code="y">BK</subfield>
  </datafield>
</record>
